Catálogo
 En Linea

Introducción a la programación basic / (Registro nro. 45313)

Detalles MARC
000 -CABECERA
campo de control de longitud fija 00736nam a2200169 a 4500
001 - NÚMERO DE CONTROL
campo de control 000045824
005 - FECHA Y HORA DE LA ÚLTIMA TRANSACCIÓN
campo de control 20201002052450.0
008 - DATOS DE LONGITUD FIJA--INFORMACIÓN GENERAL
campo de control de longitud fija 150518s1993 dr a 000 0 spa d
040 ## - FUENTE DE LA CATALOGACIÓN
Centro catalogador/agencia de origen DO-SdBNP
Lengua de catalogación spa
Centro/agencia transcriptor BNPHU
082 ## - NÚMERO DE LA CLASIFICACIÓN DECIMAL DEWEY
Número de clasificación xxxx
Número de documento/Ítem xxxx
100 1# - ENTRADA PRINCIPAL--NOMBRE DE PERSONA
Nombre de persona González, Angel David
9 (RLIN) 73900
245 10 - MENCIÓN DE TÍTULO
Título Introducción a la programación basic /
Mención de responsabilidad, etc. Angel David González.
260 ## - PUBLICACIÓN, DISTRIBUCIÓN, ETC.
Lugar de publicación, distribución, etc. Santo Domingo :
Nombre del editor, distribuidor, etc. Centro de Capacitación en informática,
Fecha de publicación, distribución, etc. 1993.
300 ## - DESCRIPCIÓN FÍSICA
Extensión 85 p. :
Otras características físicas il. ;
Dimensiones 28 cm.
505 0# - NOTA DE CONTENIDO CON FORMATO
Información miscelánea Capítulo 1
Título Diagramas de flujo --
Información miscelánea Capítulo 2
Título Introdución a la programación a al lenguaje basic --
Información miscelánea Capítulo 3
Título Comandos y sentencias del basic.
710 22 - PUNTO DE ACCESO ADICIONAL--NOMBRE DE ENTIDAD CORPORATIVA
Nombre de entidad corporativa o nombre de jurisdicción como elemento de entrada Centro de Capacitación en informática.
Unidad subordinada Psicología Industrial Dominicana
9 (RLIN) 73901
Existencias
Estado de retiro Estado de pérdida No para préstamo Código de colección Localización permanente Ubicación/localización actual Ubicación en estantería Fecha de adquisición Número de inventario Total de préstamos Signatura topográfica completa Código de barras Fecha visto por última vez Precio válido a partir de Tipo de ítem Koha
    Excluido de préstamo Patrimonio Dominicano Patrimonio Dominicano Patrimonio Dominicano En catalogación 18.05.2015 LF1   xxxx xxxx 45824-10 25.06.2020 25.06.2020 Libro y Folleto Colección Patrimonio Dominicano

Con tecnología Koha